| 000 | 00739nam a2200265 a 4500 | ||
|---|---|---|---|
| 008 | |||
| 020 | _a0412798700 (pbk.) | ||
| 049 | _aMAIN | ||
| 090 |
_aQH430 _bBRO |
||
| 100 | 1 | _aBrown, Terence A. | |
| 245 | 1 | 0 |
_aGenetics : _ba molecular approach / _cT.A. Brown. |
| 250 | _a3rd ed. | ||
| 260 |
_aLondon : _bChapman & Hall, _c1998. |
||
| 300 |
_axxvii, 469 p. : _bill. |
||
| 504 | _aIncludes bibliographical references. | ||
| 500 | _aIncludes index. | ||
| 650 | 1 | 2 | _aGenetics, Medical. |
| 650 | 2 | 2 | _aMolecular Biology. |
| 650 | 0 | _aMolecular genetics. | |
| 907 |
_a.b10013489 _b25-03-13 _c17-04-03 |
||
| 003 | |||
| 005 | 20230123133804.0 | ||
| 040 | _cNUST | ||
| 942 |
_cBOOKS _kQH430 _mBRO |
||
| 999 |
_c154662 _d154662 |
||